Science - Physics | 1 | 7 | 0 | 0 | 85 | 45 | 96.50 | 0 | 1 |
Science - Chemistry | 0 | 7 | 0 | 0 | 70 | 59 | 93.71 | 0 | 0 |
RMP - World Mythology | 1 | 4 | 0 | 0 | 55 | 57 | 88.80 | 0 | 0 |
Science - Biology | 1 | 3 | 0 | 0 | 45 | 77 | 101.25 | 0 | 1 |
Literature - British | 0 | 3 | 0 | 0 | 30 | 78 | 110.67 | 0 | 0 |
Fine Arts - Music | 0 | 3 | 0 | 0 | 30 | 84 | 98.00 | 0 | 0 |
Science - Math | 1 | 1 | 0 | 0 | 25 | 84 | 84.50 | 0 | 0 |
RMP - Greco-Roman Mythology | 0 | 2 | 0 | 0 | 20 | 75 | 89.50 | 0 | 1 |
Social Science - Psychology | 1 | 0 | 0 | 0 | 15 | 60 | 60.00 | 0 | 0 |
History - European | 1 | 0 | 0 | 0 | 15 | 57 | 57.00 | 0 | 0 |
Science - Earth | 0 | 1 | 0 | 0 | 10 | 62 | 62.00 | 0 | 0 |
RMP - Philosophy | 0 | 1 | 0 | 0 | 10 | 86 | 86.00 | 0 | 0 |
Fine Arts - Miscellaneous | 0 | 1 | 0 | 0 | 10 | 131 | 131.00 | 0 | 0 |
Fine Arts - Jazz | 0 | 1 | 0 | 0 | 10 | 110 | 110.00 | 0 | 0 |
History - Cross, Historiography, and Miscellaneous | 0 | 1 | 0 | 0 | 10 | 73 | 73.00 | 0 | 0 |
Geography - Europe | 0 | 1 | 0 | 0 | 10 | 68 | 68.00 | 0 | 0 |
RMP - Buddhism | 0 | 1 | 0 | 0 | 10 | 120 | 120.00 | 0 | 0 |
History - American | 0 | 1 | 0 | 0 | 10 | 114 | 114.00 | 0 | 0 |
RMP - Islam | 0 | 1 | 0 | 0 | 10 | 112 | 112.00 | 0 | 0 |
Fine Arts - Ballet/Dance | 0 | 0 | 0 | 0 | 0 | | 0.00 | 0 | 0 |
Science - Astronomy | 0 | 0 | 0 | 0 | 0 | | 0.00 | 0 | 0 |
Fine Arts - Photography | 0 | 0 | 0 | 0 | 0 | | 0.00 | 0 | 0 |
Fine Arts - Painting | 0 | 0 | 0 | 0 | 0 | | 0.00 | 0 | 0 |
Science - Engineering and Miscellaneous | 0 | 0 | 0 | 0 | 0 | | 0.00 | 0 | 0 |